<An> Estimated Australian Macroeconomic Misery Index
Saved in:
| Main Author: | |
|---|---|
| Format: | Book |
| Language: | English |
| Published: |
Queensland
The University of Queensland
1990
|
| Edition: | 1. ed. |
| Series: | Discussion Paper
No.26 |
| Tags: |
No Tags, Be the first to tag this record!
|
MARC
| LEADER | 00000nam a2200000 4500 | ||
|---|---|---|---|
| 001 | c029410 | ||
| 005 | 20221215113727.1 | ||
| 041 | 0 | |a eng | |
| 044 | |a AU | ||
| 245 | 1 | 0 | |a <An> Estimated Australian Macroeconomic Misery Index |c Allan P. Layton |
| 250 | |a 1. ed. | ||
| 264 | 1 | |a Queensland |b The University of Queensland |c 1990 | |
| 300 | |a 16 s. | ||
| 490 | 1 | |a Discussion Paper |v No.26 | |
| 830 | 0 | |a Discussion Paper |v No.26 | |
| 100 | 1 | |a Layton, Allan P. | |